000
00352nam a2200133Ia 4500
008
231129s2006||||xx |||||||||||||| ||spa||
020
_a
8236-62-2
082
_a
ER- 351
100
_a
Hinestrosa Dukardo
245
0
_a
Pasaje a Pereira
260
_c
2006
264
_a
Pereira: Papiro 2006
942
_2
ddc
_c
BKS
999
_c
22459
_d
22459